00616nam a2200193Ia 4500003000900000008004100009020001800050040001600068080001800084100001900102245011300121260003400234300001500268490003900283650004100322650002200363650002200385700001500407IN-BaIIA211028s9999 xx 000 0 eng d a3-540-50211-4 cIIA Library a524.3-54bKIP aKippenhahn, R. 0aStellar structure and evolutioncR. Kippenhahn and A. Weigert  aBerlinbSpringer-Verlagc1990 axvi, 468p. aAstronomy and astrophysics library aAstronomy and Astrophysics Thesaurus aStellar evolution aStellar structure aWeigert, A